000 00961nam a2200229 a 4500
005 20160115110836.0
008 140221b wau||||| |||| 00| 0 spa d
040 _aCO-BoIAVH
_cCO-BoIAVH
041 _aspa
044 _axxu
082 0 4 _a333.72
_bC75p
245 0 0 _aPrioridades de conservación para el Escudo de Guayana :
_bconsenso 2002
260 _aWashington
_bConservation International
_c2003
300 _a101 p.
_bil. (col), tablas, mapas
_eMapa Prioridades de Conservación Escudo de Guayana CID-059867
650 _aConservación de los recursos naturales
_zAmérica del Sur
650 _aConservación de los recursos naturales
_zEscudo de Guayana
651 6 _aConservación de la diversidad biológica
_zEscudo de Guayana.
651 6 _aCuencas hidrográficas
_zEscudo de Guayana
700 1 _aWestermann, Olaf
710 2 _aNetherlands Committee for the World Conservation Union
942 _2z
_cImpreso
999 _c4045
_d4045